| Tag |
First Indicator |
Second Indicator |
Subfields |
| LEADER |
00000cam a2200000 a 4500 |
| 001 |
in00000089128 |
| 005 |
20151008065314.0 |
| 008 |
810713s1981 maua b 10110 eng |
| 010 |
|
|
|a 81010968
|
| 020 |
|
|
|a 0884103846
|
| 035 |
|
|
|a (OCoLC)07653011
|
| 035 |
|
|
|9 AAK5720AM
|
| 039 |
0 |
|
|a 2
|b 3
|c 3
|d 3
|e 3
|
| 040 |
|
|
|a DLC
|c DLC
|d WQM
|d TXA
|d UtOrBLW
|
| 043 |
|
|
|a n-us---
|
| 049 |
|
|
|a TXAM
|c [1561320]
|
| 050 |
0 |
0 |
|a HV3006.A3
|b F63 1980
|
| 082 |
0 |
|
|a 362.3/56/0973
|2 19
|
| 096 |
|
|
|a HV 3006.A3 F655c 1980
|
| 111 |
2 |
|
|a Fogarty Memorial Conference
|n (1st :
|d 1980 :
|c Newport, R.I.)
|
| 245 |
1 |
0 |
|a Changing government policies for the mentally disabled :
|b proceedings of the first annual Fogarty Memorial Conference, Newport, Rhode Island, August 1980 /
|c edited by Joseph J. Bevilacqua.
|
| 264 |
|
1 |
|a Cambridge, Mass. :
|b Ballinger,
|c [1981]
|
| 264 |
|
4 |
|c ©1981
|
| 300 |
|
|
|a xviii, 289 pages :
|b illustrations ;
|c 24 cm.
|
| 336 |
|
|
|a text
|b txt
|2 rdacontent
|
| 337 |
|
|
|a unmediated
|b n
|2 rdamedia
|
| 338 |
|
|
|a volume
|b nc
|2 rdacarrier
|
| 504 |
|
|
|a Includes bibliographies and indexes.
|
| 650 |
|
0 |
|a People with mental disabilities
|x Government policy
|z United States
|x Congresses.
|
| 650 |
|
2 |
|a Intellectual Disability
|x congresses.
|
| 650 |
|
2 |
|a Public Policy
|z United States
|x congresses.
|
| 700 |
1 |
|
|a Bevilacqua, Joseph J.
|
| 999 |
|
|
|a MARS
|
| 999 |
f |
f |
|s 03aef4f6-d8ee-3276-8505-2aa4abf47ba1
|i 2548875c-f46e-34d4-9fc3-b6149c88b37a
|t 0
|
| 952 |
f |
f |
|p ric
|a Texas A&M University
|b Rellis Campus
|c Joint Library Facility
|d Remote Storage
|t 0
|e HV3006.A3 F63 1980
|h Library of Congress classification
|i unmediated -- volume
|m A14806146267
|
| 998 |
f |
f |
|a HV3006.A3 F63 1980
|t 0
|l Remote Storage
|